000 00805nam a2200229 i 4500
001 bg
100 1 _aZUBRZYCKI, Igor Zbigniew
245 1 0 _aPhysical properties of plasmid DNA's-thermodynamics /
_cIgor Zbigniew Zubrzycki.
260 _aOpole :
_bPO,
_c1997.
300 _a72, [13] s. :
_brys., wykr. ;
_c24 cm.
490 1 _aStudia i Monografie / Politechnika Opolska,
_x1429-6063 ;
_vz. 95
504 _aBibliogr. s. 67-72 i [77, 81, 83]. - Summ. przy rozdz.
650 9 _aKwasy nukleinowe
_xbadanie
_xmetody
650 9 _aTermodynamika chemiczna
710 0 _aPOLITECHNIKA OPOLSKA (Opole)
830 0 _aStudia i Monografie (Politechnika Opolska) ;
_vz. 95
040 _cBPK
041 0 _aen
_ben
080 _a577.2/.3:543.4/.5:544.3
942 _cKS
008 s pl f |000 0 pol
999 _c32817
_d32817